Music Quiz

Random Music Quiz

Black Veil Brides- Sweet Blasphemy Quiz Stats

 Plays Quiz not verified by Sporcle

Score 0/226 Timer 08:00
0 Plays Today
Lyrics % Correct
the
95%
the
95%
the
95%
and
95%
the
95%
and
95%
and
95%
and
95%
the
95%
the
95%
and
95%
the
95%
a
95%
the
95%
and
95%
and
95%
and
95%
sweet
93.9%
sweet
93.9%
sweet
93.9%
sweet
93.9%
you
93.3%
You
93.3%
you
93.3%
you
93.3%
blasphemy
93.3%
you
93.3%
you
93.3%
blasphemy
93.3%
blasphemy
93.3%
blasphemy
93.3%
you
93.3%
blasphemy
93.3%
be
90.5%
be
90.5%
be
90.5%
be
90.5%
to
89.4%
to
89.4%
this
88.8%
this
88.8%
this
88.8%
this
88.8%
this
88.8%
this
88.8%
This
88.8%
this
88.8%
this
88.8%
is
88.3%
is
88.3%
is
88.3%
is
88.3%
is
88.3%
is
88.3%
is
88.3%
is
88.3%
is
88.3%
are
87.2%
are
87.2%
are
87.2%
are
87.2%
are
87.2%
are
87.2%
are
87.2%
our
86%
our
86%
our
86%
our
86%
We
85.5%
we
85.5%
We
85.5%
We
85.5%
we
85.5%
We
85.5%
we
85.5%
one
84.9%
Lyrics % Correct
with
84.9%
One
84.9%
have
84.4%
us
84.4%
us
84.4%
Through
82.7%
sadness
82.7%
Through
82.7%
Through
82.7%
crowd
82.1%
young
80.4%
can
80.4%
young
80.4%
young
80.4%
can
80.4%
strong
79.9%
strong
79.9%
strong
79.9%
of
79.3%
of
79.3%
taught
78.8%
in
78.2%
something
78.2%
more
78.2%
I
78.2%
I
78.2%
I
78.2%
something
78.2%
more
78.2%
I
78.2%
I
78.2%
I
78.2%
something
78.2%
more
78.2%
I
78.2%
I
78.2%
something
78.2%
more
78.2%
in
78.2%
something
78.2%
more
78.2%
I
78.2%
I
78.2%
something
78.2%
more
78.2%
down
77.7%
all
77.7%
all
77.7%
all
77.7%
all
77.7%
falling
77.1%
No
77.1%
When
76.5%
When
76.5%
When
76.5%
When
76.5%
see
76%
see
76%
see
76%
see
76%
told
75.4%
my
75.4%
my
75.4%
Unveil
74.9%
stories
74.9%
become
74.9%
they
74.9%
Hear
74.9%
become
74.9%
they
74.9%
love
74.3%
bleeding
74.3%
crowns
74.3%
believe
74.3%
believe
74.3%
believe
74.3%
Lyrics % Correct
believe
74.3%
greatest
73.7%
found
73.7%
But
72.6%
That
72.6%
lie
72.6%
That
72.6%
lie
72.6%
That
72.6%
lie
72.6%
That
72.6%
lie
72.6%
sick
72.1%
raise
72.1%
heart
72.1%
darkness
72.1%
raise
72.1%
heart
72.1%
darkness
72.1%
darkness
72.1%
darkness
72.1%
than
71.5%
than
71.5%
sacred
70.9%
order
70.9%
won't
70.9%
won't
70.9%
won't
70.9%
won't
70.9%
self
70.4%
self
70.4%
hungry
69.8%
cannot
69.8%
inside
69.3%
inside
69.3%
inside
69.3%
inside
69.3%
strength
68.7%
sing
68.7%
sing
68.7%
strength
68.7%
for
65.4%
know
64.8%
there's
64.8%
know
64.8%
there's
64.8%
know
64.8%
there's
64.8%
know
64.8%
there's
64.8%
bound
63.7%
holy
63.1%
Unchain
63.1%
time
62%
true
60.9%
now
60.3%
tied
59.2%
Silence
57.5%
allegory
57.5%
screaming
57%
sound
56.4%
loud
56.4%
crooked
54.7%
simple
54.7%
servant
53.1%
glory
52%
we've
51.4%
only
51.4%
we've
51.4%
Hyms
49.7%
lonely
46.9%
mourning
45.3%
Unite
41.9%
reighning
20.1%

You're not logged in!

Compare scores with friends on all Sporcle quizzes.
OR
Log In

Sporcle TV

Today on Sporcle TV


Watch our educational content, quiz creation guides, and fun videos on Sporcle TV.

Show Comments

Extras

Created Dec 21, 2014ReportNominate
Tags:black, bride, sweet

Top Quizzes Today


Score Distribution

Your Account Isn't Verified!

In order to create a playlist on Sporcle, you need to verify the email address you used during registration. Go to your Sporcle Settings to finish the process.

Report this User

Report this user for behavior that violates our Community Guidelines.

Details: